000 01120cam a2200313 i 4500
999 _c8278
_d8278
001 18182323
003 GBCCL
005 20241126110647.0
008 140609s2014 miu 000 0 eng
010 _a 2014007429
020 _a9780801015946 (cloth)
040 _aDLC
_beng
_cDLC
_erda
_dDLC
042 _apcc
050 0 0 _aBS2615.6.M5
_bB38 2014
082 0 0 _a226.706
_223
_bBAT
100 1 _aBatterson, Mark.
_914429
245 1 4 _aThe grave robber :
_bhow Jesus can make your impossible possible /
_cMark Batterson.
260 _aSecunderabad:
_bGS Books,
_c2015.
264 1 _aGrand Rapids, Michigan :
_bBaker Books, a division of Baker Publishing Group,
_c[2014]
300 _a275 pages ;
_c23 cm
336 _atext
_btxt
_2rdacontent
337 _aunmediated
_bn
_2rdamedia
338 _avolume
_bnc
_2rdacarrier
630 0 0 _aBible.
_pJohn
_xCriticism, interpretation, etc.
_91842
650 0 _aMiracles
_xBiblical teaching.
_94064
906 _a7
_bcbc
_corignew
_d1
_eecip
_f20
_gy-gencatlg
942 _2ddc
_cBK
_01